[Event "38th Greek Team Championship"]
[Site "Olympic Boxing Center, Periste"]
[Date "2010.07.05"]
[Round "1.4"]
[White "Grigoriadis, Alexandros"]
[Black "Gavrilidis, Georgios"]
[Result "0-1"]
[WhiteElo "2330"]
[BlackElo "2126"]
[PlyCount "44"]
[EventDate "2010.07.05"]
[WhiteTeam "AEK"]
[BlackTeam "LP FLORINAS"]

1. c4 Nf6 2. Nc3 g6 3. e4 d6 4. d4 Bg7 5. Be2 O-O 6. Nf3 e5 7. O-O exd4 8. Nxd4
Nc6 9. Nxc6 bxc6 10. Be3 Re8 11. Qa4 Rb8 12. Rab1 c5 13. f3 Bd7 14. Qa5 Nh5 15.
Nb5 a6 16. Qxa6 Qh4 17. Rf2 f5 18. Nxc7 f4 19. Bd2 Bd4 20. Be1 Ng3 21. Bd3 Re5
22. Bf1 Qxh2+ 0-1

[Event "38th Greek Team Championship"]
[Site "Olympic Boxing Center, Periste"]
[Date "2010.07.05"]
[Round "1.4"]
[White "Minas, Ioannis"]
[Black "Tepelenis, Nikolaos"]
[Result "1/2-1/2"]
[WhiteElo "1836"]
[BlackElo "2224"]
[PlyCount "103"]
[EventDate "2010.07.05"]
[WhiteTeam "LP FLORINAS"]
[BlackTeam "AEK"]

1. d4 d5 2. Nf3 Nf6 3. Bf4 c5 4. e3 Nc6 5. Bb5 Qa5+ 6. Nc3 Ne4 7. Bxc6+ bxc6 8.
O-O Nxc3 9. bxc3 Qxc3 10. Ne5 cxd4 11. Qxd4 Qxd4 12. exd4 c5 13. dxc5 f6 14.
Nd3 e5 15. Rfe1 Kd7 16. Be3 d4 17. Bd2 Ba6 18. Rab1 Bxd3 19. cxd3 Kc6 20. f4
exf4 21. Bxf4 Bxc5 22. Rec1 Rhd8 23. Rc4 Rd5 24. a4 Re8 25. Bb8 Re7 26. Bg3 Rb7
27. Re1 Kd7 28. Rec1 Bd6 29. Bf2 Rc7 30. Rxc7+ Bxc7 31. Rc4 Bb6 32. a5 Bxa5 33.
Bxd4 Bb6 34. Bxb6 axb6 35. Rh4 h6 36. Rg4 g5 37. Rb4 Kc6 38. d4 Rb5 39. Ra4 Rb2
40. g4 Kd5 41. h3 b5 42. Ra6 Rc2 43. Rb6 Rb2 44. Rxf6 Kxd4 45. Rxh6 Rc2 46. Kf1
Rc5 47. h4 gxh4 48. Rxh4 b4 49. g5+ Kc3 50. Rh3+ Kc2 51. Rh2+ Kc1 52. g6
1/2-1/2

[Event "38th Greek Team Championship"]
[Site "Olympic Boxing Center, Periste"]
[Date "2010.07.05"]
[Round "1.5"]
[White "Kryvoruchko, Yuriy"]
[Black "Bartel, Mateusz"]
[Result "1-0"]
[WhiteElo "2609"]
[BlackElo "2613"]
[PlyCount "87"]
[EventDate "2010.07.05"]
[WhiteTeam "SA CHANION"]
[BlackTeam "SA GAZIOU"]

1. e4 e5 2. Nf3 Nc6 3. Bb5 Nf6 4. O-O Bc5 5. Nxe5 Nxe4 6. Qe2 Nxe5 7. d4 Be7 8.
dxe5 Nc5 9. Nc3 O-O 10. Bf4 Ne6 11. Bg3 f5 12. exf6 Bxf6 13. Bc4 Bxc3 14. Bxe6+
dxe6 15. bxc3 Bd7 16. Rad1 Qe8 17. Rfe1 Bc6 18. f3 Qg6 19. Qxe6+ Qxe6 20. Rxe6
Rae8 21. Re5 Rxe5 22. Bxe5 Re8 23. f4 g5 24. Kf2 gxf4 25. Bxf4 Re7 26. g4 Kf7
27. Rd8 Re4 28. Kg3 Rc4 29. Be5 Ke6 30. Bd4 Ra4 31. Rh8 Rxa2 32. Rxh7 Rxc2 33.
h4 a5 34. h5 a4 35. h6 a3 36. Re7+ Kxe7 37. h7 Rg2+ 38. Kh3 Rg1 39. Bxg1 a2 40.
h8=Q a1=Q 41. Bc5+ Ke6 42. Qg8+ Ke5 43. Qg5+ Ke4 44. Qf5# 1-0

[Event "38th Greek Team Championship"]
[Site "Olympic Boxing Center, Periste"]
[Date "2010.07.05"]
[Round "1.5"]
[White "Olszewski, Michal"]
[Black "Ninov, Nikolai"]
[Result "0-1"]
[WhiteElo "2543"]
[BlackElo "2512"]
[PlyCount "66"]
[EventDate "2010.07.05"]
[WhiteTeam "SA GAZIOU"]
[BlackTeam "SA CHANION"]

1. d4 Nf6 2. c4 e6 3. Nf3 d5 4. Nc3 c5 5. cxd5 Nxd5 6. g3 Nxc3 7. bxc3 b6 8.
Ne5 Bb7 9. Qa4+ Nd7 10. d5 Bd6 11. Nxf7 Kxf7 12. dxe6+ Kxe6 13. Bh3+ Ke7 14.
O-O Nf6 15. Bg5 Qe8 16. Qg4 Rd8 17. Rfd1 Kf8 18. Bxf6 gxf6 19. Bg2 Bxg2 20.
Kxg2 Rg8 21. Qf3 Be5 22. Rd3 Rg7 23. Re3 Qe6 24. Kg1 Rgd7 25. Qh5 Qf7 26. Qf5
Kg7 27. f4 Bc7 28. Kf2 b5 29. Kf3 Bb6 30. h4 c4 31. Re6 Rd5 32. Qg4+ Kf8 33. f5
Re8 0-1

[Event "38th Greek Team Championship"]
[Site "Olympic Boxing Center, Periste"]
[Date "2010.07.05"]
[Round "1.5"]
[White "Dimitriadis, Theodoros"]
[Black "Kalaitzoglou, Panayotis"]
[Result "0-1"]
[WhiteElo "1925"]
[BlackElo "2201"]
[PlyCount "58"]
[EventDate "2010.07.05"]
[WhiteTeam "SA GAZIOU"]
[BlackTeam "SA CHANION"]

1. d4 d5 2. c4 e5 3. dxe5 d4 4. Nf3 Nc6 5. g3 Nge7 6. Na3 Bg4 7. Bg2 Qd7 8. h3
Bf5 9. Nh4 Be6 10. f4 g5 11. Nf3 gxf4 12. Bxf4 Ng6 13. Nc2 Nxf4 14. gxf4 Rg8
15. Ng5 Bxc4 16. Bf3 Be7 17. h4 O-O-O 18. b3 Bd5 19. e4 dxe3 20. Bg4 Be6 21.
Bxe6 fxe6 22. Qxd7+ Rxd7 23. Nxe6 Rd2 24. Nxe3 Bb4 25. Kf1 Rg3 26. Nc4 Rf3+ 27.
Kg1 Rg3+ 28. Kf1 Rc2 29. h5 Rgg2 0-1

[Event "38th Greek Team Championship"]
[Site "Olympic Boxing Center, Periste"]
[Date "2010.07.05"]
[Round "1.5"]
[White "Liodakis, Konstantinos"]
[Black "Emmanouilidis, Kostas"]
[Result "1-0"]
[WhiteElo "1909"]
[BlackElo "1994"]
[PlyCount "80"]
[EventDate "2010.07.05"]
[WhiteTeam "SA CHANION"]
[BlackTeam "SA GAZIOU"]

1. c4 f5 2. Nc3 Nf6 3. g3 g6 4. Bg2 Bg7 5. d3 O-O 6. e3 d6 7. Nge2 c6 8. O-O e5
9. Rb1 Kh8 10. b4 Nbd7 11. Bd2 Qe8 12. a4 g5 13. f4 exf4 14. exf4 Ng4 15. Qc1
gxf4 16. Bxf4 Nde5 17. Qd2 Bd7 18. h3 Nf6 19. Rbe1 Nh5 20. Kh2 Qg6 21. Nd1 Rg8
22. Ne3 Rae8 23. Bf3 Bf6 24. Bxh5 Qxh5 25. Ng1 Rg7 26. d4 Nf7 27. Ng2 Reg8 28.
Re3 Bg5 29. Ref3 Nh6 30. Bxg5 Rxg5 31. Nf4 Qf7 32. c5 Qc4 33. cxd6 Nf7 34. Rc1
Qa6 35. d5 Qxa4 36. Qd4+ R8g7 37. Ne6 Bxe6 38. dxe6 Qa2+ 39. Kh1 Qxe6 40. d7
Nd8 1-0

[Event "38th Greek Team Championship"]
[Site "Olympic Boxing Center, Periste"]
[Date "2010.07.05"]
[Round "1.5"]
[White "Aggeli, Eleni"]
[Black "Stiri, Alexandra"]
[Result "0-1"]
[WhiteElo "1857"]
[BlackElo "2215"]
[PlyCount "96"]
[EventDate "2010.07.05"]
[WhiteTeam "SA GAZIOU"]
[BlackTeam "SA CHANION"]

1. e4 c5 2. Nf3 d6 3. d4 cxd4 4. Nxd4 Nf6 5. Nc3 a6 6. a4 g6 7. Be2 Bg7 8. Be3
O-O 9. O-O Nc6 10. Nb3 Be6 11. f4 Qc8 12. Qd2 Ng4 13. Bb6 Nb4 14. Nd4 Bc4 15.
a5 e5 16. fxe5 Bh6 17. Bxg4 Bxd2 18. Bxc8 Raxc8 19. Rfd1 Be3+ 20. Kh1 dxe5 21.
Nf3 Nxc2 22. Bxe3 Nxe3 23. Rd7 Bf1 24. Nxe5 Bxg2+ 25. Kg1 Rce8 26. Re1 Nc2 27.
Re2 Rxe5 28. Rxg2 Ne3 29. Re2 Rg5+ 30. Kh1 Nc4 31. Rxb7 Rxa5 32. Nd5 Kg7 33.
Nc7 Rc8 34. Rf2 Ne3 35. h3 Kg8 36. Nd5 Nxd5 37. exd5 f5 38. d6 Rd5 39. d7 Rd8
40. Rb6 a5 41. b4 axb4 42. Rxb4 R8xd7 43. Rbb2 Kg7 44. Kg2 Kf6 45. Rbe2 Re7 46.
Rc2 Rd3 47. Rc6+ Kg5 48. Rf3 Re2+ 0-1

[Event "38th Greek Team Championship"]
[Site "Olympic Boxing Center, Periste"]
[Date "2010.07.05"]
[Round "1.6"]
[White "Istratescu, Andrei"]
[Black "Kritz, Leonid"]
[Result "1/2-1/2"]
[WhiteElo "2620"]
[BlackElo "2618"]
[PlyCount "43"]
[EventDate "2010.07.05"]
[WhiteTeam "NO KALAMATAS"]
[BlackTeam "SO IRAKLIOU"]

1. e4 e5 2. Nf3 Nc6 3. Bb5 a6 4. Ba4 Nf6 5. d3 d6 6. c4 g6 7. Nc3 Bg7 8. d4
exd4 9. Nxd4 Bd7 10. Nxc6 Bxc6 11. O-O O-O 12. Bxc6 bxc6 13. Bg5 Qb8 14. b3 Re8
15. Qc2 Nd7 16. f3 Nc5 17. Rad1 a5 18. Be3 Qb4 19. Bd2 Qb6 20. Be3 Qb4 21. Bd2
Qb6 22. Be3 1/2-1/2

[Event "38th Greek Team Championship"]
[Site "Olympic Boxing Center, Periste"]
[Date "2010.07.05"]
[Round "1.6"]
[White "Postny, Evgeny"]
[Black "Tsekouras, Theodoros"]
[Result "1-0"]
[WhiteElo "2577"]
[BlackElo "2242"]
[PlyCount "96"]
[EventDate "2010.07.05"]
[WhiteTeam "SO IRAKLIOU"]
[BlackTeam "NO KALAMATAS"]

1. d4 Nf6 2. c4 g6 3. Nc3 Bg7 4. e4 d6 5. f3 a6 6. Be3 c6 7. c5 b5 8. cxd6 exd6
9. Nge2 O-O 10. Nf4 Nbd7 11. Be2 Bb7 12. O-O Qe7 13. Qd2 Rfe8 14. Bf2 Rac8 15.
Rad1 h6 16. Rfe1 Kh7 17. Bf1 Rcd8 18. Qc2 Ng8 19. h4 Kh8 20. h5 g5 21. Nfe2
Ngf6 22. Ng3 Qf8 23. Rd2 Nb6 24. Nd1 Nfd7 25. Ne3 c5 26. Nef5 c4 27. Nxg7 Kxg7
28. d5 Nc8 29. b3 cxb3 30. axb3 Ne5 31. Bd4 Kg8 32. Nf5 Rd7 33. Rf2 f6 34. g3
Ne7 35. Bh3 Nxf5 36. Bxf5 Rg7 37. Rc1 Qe7 38. Qd1 Kh8 39. Kh2 Reg8 40. Be6 Rf8
41. Rfc2 Qe8 42. f4 g4 43. fxe5 Qxh5+ 44. Kg1 fxe5 45. Rh2 Qg5 46. Bf2 Rf3 47.
Rh4 Qf6 48. Qd2 Rg5 1-0

[Event "38th Greek Team Championship"]
[Site "Olympic Boxing Center, Periste"]
[Date "2010.07.05"]
[Round "1.6"]
[White "Markantonaki, Haritomeni"]
[Black "Makropoulou, Marina"]
[Result "1-0"]
[WhiteElo "2129"]
[BlackElo "2231"]
[PlyCount "58"]
[EventDate "2010.07.05"]
[WhiteTeam "SO IRAKLIOU"]
[BlackTeam "NO KALAMATAS"]

1. e4 e5 2. Nf3 Nc6 3. Bb5 Nge7 4. O-O g6 5. d4 exd4 6. Nxd4 Bg7 7. Be3 O-O 8.
Nc3 a6 9. Be2 d6 10. f4 f5 11. Bc4+ Kh8 12. Ne6 Bxe6 13. Bxe6 fxe4 14. Nxe4 Nf5
15. Bxf5 Rxf5 16. Ng3 Rb5 17. Qg4 Rxb2 18. Rae1 Rb4 19. Bd2 Rc4 20. Ne4 Qc8 21.
Qh4 Qf5 22. Ng5 h6 23. Ne6 Rxc2 24. Bc1 Qd5 25. Qg4 Kh7 26. f5 g5 27. f6 Bh8
28. Nxc7 Qc5+ 29. Be3 h5 1-0

[Event "38th Greek Team Championship"]
[Site "Olympic Boxing Center, Periste"]
[Date "2010.07.05"]
[Round "1.7"]
[White "Moradiabadi, Elshan"]
[Black "Sjugirov, Sanan"]
[Result "1/2-1/2"]
[WhiteElo "2571"]
[BlackElo "2610"]
[PlyCount "97"]
[EventDate "2010.07.05"]
[WhiteTeam "SO KALLITHEAS"]
[BlackTeam "EES KORYDALLOU"]

1. d4 d5 2. c4 e6 3. Nc3 c6 4. Qd3 Nf6 5. Nf3 dxc4 6. Qxc4 b5 7. Qd3 a6 8. g3
c5 9. Bg2 Bb7 10. O-O Nbd7 11. Bf4 cxd4 12. Qxd4 Bc5 13. Qd3 O-O 14. Bd6 Bxd6
15. Qxd6 Nb6 16. Qf4 Rc8 17. Rac1 Qe7 18. Rfd1 b4 19. Nb1 a5 20. Ne5 Bxg2 21.
Kxg2 Na4 22. Nd3 e5 23. Qd2 Qb7+ 24. Kg1 Qd5 25. Rxc8 Rxc8 26. Rc1 Rd8 27. Nxe5
Qxd2 28. Nxd2 Nxb2 29. Rc2 Nd1 30. Nc6 Ra8 31. Nc4 Ng4 32. N4xa5 Ndxf2 33. Rc4
Nh3+ 34. Kg2 Ne3+ 35. Kxh3 Nxc4 36. Nxc4 Rxa2 37. Nd4 Ra1 38. Kg2 Rd1 39. Nb3
f6 40. Kf3 Kf7 41. Ke4 Rh1 42. h4 Rg1 43. Kf4 Ke6 44. Ne3 Rb1 45. Nd4+ Kf7 46.
Ke4 Rg1 47. g4 g6 48. Kd3 Rh1 49. Nf3 1/2-1/2

[Event "38th Greek Team Championship"]
[Site "Olympic Boxing Center, Periste"]
[Date "2010.07.05"]
[Round "1.7"]
[White "Ragger, Markus"]
[Black "Gesos, Pavlos"]
[Result "1-0"]
[WhiteElo "2614"]
[BlackElo "2329"]
[PlyCount "85"]
[EventDate "2010.07.05"]
[WhiteTeam "EES KORYDALLOU"]
[BlackTeam "SO KALLITHEAS"]

1. Nf3 Nf6 2. c4 g6 3. Nc3 d5 4. cxd5 Nxd5 5. Qa4+ c6 6. Qd4 Nf6 7. Qxd8+ Kxd8
8. e4 Bg7 9. d4 h6 10. h3 Be6 11. Be2 Nbd7 12. O-O g5 13. Rd1 Ne8 14. g4 Nb6
15. b3 Kc7 16. Ba3 Nd6 17. Rac1 Rad8 18. d5 Bxc3 19. dxe6 Nxe4 20. Bd3 Nd2 21.
Ne1 Nd5 22. Rc2 fxe6 23. Bb2 Bxb2 24. Rxb2 Nf4 25. Rbxd2 Nxh3+ 26. Kh2 Nf4 27.
Ng2 Rhf8 28. Nxf4 Rxf4 29. Kg3 Rfd4 30. f3 b5 31. Kf2 Kb6 32. Ke3 c5 33. Be4 e5
34. Rd3 a5 35. a4 R8d6 36. axb5 Kxb5 37. Rc1 Rd7 38. Rdc3 Rc7 39. Bh7 Rd6 40.
Rc4 Rc8 41. Bd3 Kb6 42. Ke4 Rcd8 43. Be2 1-0

[Event "38th Greek Team Championship"]
[Site "Olympic Boxing Center, Periste"]
[Date "2010.07.05"]
[Round "1.7"]
[White "Aggelis, Nikolaos"]
[Black "Tsiamis, Konstantinos"]
[Result "1-0"]
[WhiteElo "2340"]
[BlackElo "2290"]
[PlyCount "99"]
[EventDate "2010.07.05"]
[WhiteTeam "SO KALLITHEAS"]
[BlackTeam "EES KORYDALLOU"]

1. d4 d5 2. Nf3 c6 3. c4 e6 4. Nc3 Nf6 5. Bg5 Nbd7 6. cxd5 exd5 7. e3 Be7 8.
Bd3 O-O 9. Qc2 Re8 10. O-O h6 11. Bf4 Nf8 12. Rab1 Ne6 13. Bg3 a5 14. a3 b6 15.
b4 axb4 16. axb4 Bb7 17. Rfc1 Nd7 18. Nd2 b5 19. Na2 Nb6 20. Nb3 Nc4 21. Bxc4
dxc4 22. Nc5 Nxc5 23. bxc5 Ra3 24. Nc3 Qa5 25. Ne4 Ra8 26. h3 Bc8 27. Bd6 Bd8
28. Ng3 c3 29. d5 Bd7 30. Qe4 Ra6 31. Nh5 g6 32. Nf4 Ra4 33. Qe5 Rc4 34. dxc6
Bxc6 35. Nxg6 fxg6 36. Qe6+ Kg7 37. Be5+ Kf8 38. Qxg6 Be4 39. Qg7+ Ke8 40. Qg8+
Ke7 41. Bd6+ Kf6 42. Qf8+ Kg6 43. Qe8+ Kg7 44. Rxb5 Qa3 45. Qf8+ Kg6 46. Qg8+
Kf6 47. Qxd8+ Kg6 48. Qe8+ Kf6 49. Qe7+ Kg6 50. Qe6+ 1-0

[Event "38th Greek Team Championship"]
[Site "Olympic Boxing Center, Periste"]
[Date "2010.07.05"]
[Round "1.8"]
[White "Sarandos, Vasilios"]
[Black "Bologan, Viktor"]
[Result "0-1"]
[WhiteElo "2257"]
[BlackElo "2695"]
[PlyCount "70"]
[EventDate "2010.07.05"]
[WhiteTeam "SO IKARIAS"]
[BlackTeam "ESKA"]

1. d4 Nf6 2. c4 d6 3. Nc3 Nbd7 4. e4 e5 5. Nf3 g6 6. Be2 Bg7 7. O-O O-O 8. Be3
Re8 9. dxe5 dxe5 10. Qc2 c6 11. b4 Qe7 12. c5 Ng4 13. Bg5 f6 14. Bd2 Nf8 15. h3
Nh6 16. Bc4+ Nf7 17. Be3 Kh8 18. Rad1 f5 19. Bxf7 Qxf7 20. Rd6 f4 21. Bc1 g5
22. Nxg5 Qh5 23. h4 Qxh4 24. Nf3 Qh5 25. Nh2 Ne6 26. Ne2 b6 27. g4 Qf7 28. Bb2
bxc5 29. bxc5 Ng5 30. f3 Qxa2 31. Nxf4 Rb8 32. Nd3 Ba6 33. Rb1 Nh3+ 34. Kh1
Bxd3 35. Rxd3 Nf2+ 0-1

[Event "38th Greek Team Championship"]
[Site "Olympic Boxing Center, Periste"]
[Date "2010.07.05"]
[Round "1.8"]
[White "Hadzimanolis, Antonios"]
[Black "Koukoufikis, Alexandros"]
[Result "1/2-1/2"]
[WhiteElo "2341"]
[BlackElo "2255"]
[PlyCount "79"]
[EventDate "2010.07.05"]
[WhiteTeam "ESKA"]
[BlackTeam "SO IKARIAS"]

1. Nf3 g6 2. d4 Bg7 3. c4 d6 4. g3 e5 5. Bg2 Nc6 6. d5 Nce7 7. Nc3 Bd7 8. O-O
Qc8 9. e4 h5 10. h4 f6 11. Ne1 Nh6 12. Be3 b6 13. b4 a5 14. a3 Qa6 15. Nb5 Bxb5
16. cxb5 Qxb5 17. Bh3 Ng4 18. Bxg4 hxg4 19. Qxg4 axb4 20. Rb1 Rxa3 21. Nc2 Ra4
22. Bd2 Qd7 23. Qxd7+ Kxd7 24. Nxb4 Bh6 25. Bxh6 Rxh6 26. Kg2 Rh8 27. Rb3 f5
28. f3 Rha8 29. g4 Ra3 30. Rb2 Rc3 31. exf5 gxf5 32. g5 Ng6 33. Kg3 Rh8 34. Rh2
Nf4 35. Ra1 Rc4 36. Nc2 Nh5+ 37. Kh3 Nf4+ 38. Kg3 Nh5+ 39. Kh3 Nf4+ 40. Kg3
1/2-1/2

[Event "38th Greek Team Championship"]
[Site "Olympic Boxing Center, Periste"]
[Date "2010.07.05"]
[Round "1.8"]
[White "Pountzas, Hrisanthos"]
[Black "Zygouris, Hristos"]
[Result "0-1"]
[WhiteElo "2181"]
[BlackElo "2252"]
[PlyCount "97"]
[EventDate "2010.07.05"]
[WhiteTeam "SO IKARIAS"]
[BlackTeam "ESKA"]

1. c4 Nf6 2. Nf3 c6 3. Nc3 d5 4. e3 g6 5. d4 Bg7 6. Be2 O-O 7. O-O Bg4 8. Qb3
Qb6 9. cxd5 Qxb3 10. axb3 Nxd5 11. Bd2 Nc7 12. b4 Nd7 13. h3 Bxf3 14. Bxf3 a6
15. Rfd1 Nb6 16. Be1 Rfd8 17. Ne4 Nb5 18. Nc5 Rab8 19. Kf1 Kf8 20. g4 e6 21.
Bg2 Nd5 22. Nd3 g5 23. Ke2 f5 24. h4 h6 25. hxg5 hxg5 26. Bd2 fxg4 27. Nc5 Kf7
28. Rh1 Nd6 29. Rh5 Kg6 30. Rah1 Nf6 31. R5h2 Kf5 32. Rf1 Rh8 33. Rxh8 Rxh8 34.
Kd3 Rh2 35. e4+ Kg6 36. Bh1 Rh3+ 37. Be3 Nh5 38. Nxe6 Nf4+ 39. Nxf4+ gxf4 40.
e5 Nf5 41. Bg2 fxe3 42. Bxh3 gxh3 43. fxe3 Kg5 44. e4 Ng3 45. Rf2 Nh5 46. e6
Bf6 47. e5 Be7 48. Ke4 Kg4 49. d5 0-1

[Event "38th Greek Team Championship"]
[Site "Olympic Boxing Center, Periste"]
[Date "2010.07.05"]
[Round "1.9"]
[White "Balogh, Csaba"]
[Black "Petrov, Marijan"]
[Result "1-0"]
[WhiteElo "2628"]
[BlackElo "2535"]
[PlyCount "73"]
[EventDate "2010.07.05"]
[WhiteTeam "FON IRAKLIOU"]
[BlackTeam "AS PAPAGOU"]

1. e4 g6 2. d4 Bg7 3. Nc3 d6 4. f4 Nf6 5. Nf3 O-O 6. Bd3 Nc6 7. O-O Bg4 8. e5
dxe5 9. dxe5 Nd5 10. h3 Nxc3 11. bxc3 Bf5 12. Qe2 Qd5 13. Bxf5 gxf5 14. Qd3
Rad8 15. Qxf5 e6 16. Qh5 Qc5+ 17. Kh1 Qxc3 18. Rb1 b5 19. f5 exf5 20. Bh6 f6
21. Bxg7 Kxg7 22. Rb3 Qc4 23. Nh4 f4 24. Nf5+ Kh8 25. Qh6 Rf7 26. Rxf4 Qe6 27.
Rg3 Rg8 28. Rxg8+ Kxg8 29. exf6 Qxf6 30. Qxf6 Rxf6 31. Ne7+ Nxe7 32. Rxf6 a5
33. Ra6 a4 34. c4 bxc4 35. Rxa4 c3 36. Rc4 Nd5 37. Rc5 1-0

[Event "38th Greek Team Championship"]
[Site "Olympic Boxing Center, Periste"]
[Date "2010.07.05"]
[Round "1.9"]
[White "Zysk, Robert"]
[Black "Managadze, Nikoloz"]
[Result "1/2-1/2"]
[WhiteElo "2436"]
[BlackElo "2461"]
[PlyCount "58"]
[EventDate "2010.07.05"]
[WhiteTeam "AS PAPAGOU"]
[BlackTeam "FON IRAKLIOU"]

1. Nf3 c5 2. g3 Nc6 3. Bg2 g6 4. c3 e5 5. d4 e4 6. Nfd2 d5 7. dxc5 Bxc5 8. Nb3
Bb6 9. Na3 Nge7 10. Bg5 f6 11. Bd2 Be6 12. Nc2 Qd7 13. Be3 Bh3 14. Bxh3 Qxh3
15. Bxb6 axb6 16. Ne3 Kf7 17. Nd4 Rhd8 18. Qb3 Nxd4 19. cxd4 Rd6 20. Rc1 Rc6
21. Kd2 Qe6 22. h4 Ra5 23. a3 Nc8 24. Rxc6 bxc6 25. Rc1 Ne7 26. Qxb6 Rb5 27.
Qd8 Rxb2+ 28. Rc2 Qc8 29. Qd6 Qb7 1/2-1/2

[Event "38th Greek Team Championship"]
[Site "Olympic Boxing Center, Periste"]
[Date "2010.07.05"]
[Round "1.9"]
[White "Kourousis, Epaminondas"]
[Black "Zenelis, Konstantinos"]
[Result "1-0"]
[WhiteElo "2229"]
[BlackElo "2158"]
[PlyCount "107"]
[EventDate "2010.07.05"]
[WhiteTeam "FON IRAKLIOU"]
[BlackTeam "AS PAPAGOU"]

1. d4 d5 2. c4 c6 3. Nf3 Nf6 4. Nc3 dxc4 5. a4 Bf5 6. Nh4 Bg6 7. Nxg6 hxg6 8.
e4 e6 9. Bxc4 Bb4 10. Qd3 Nbd7 11. O-O Qa5 12. e5 Nd5 13. Ne4 O-O-O 14. Ng5
Rdf8 15. Rd1 Qd8 16. a5 Bxa5 17. Ne4 Kb8 18. Nd6 Bb6 19. g3 f6 20. Qxg6 Bxd4
21. Nf7 Qb6 22. Bxd5 Nxe5 23. Nxe5 fxe5 24. Rxd4 Qxd4 25. Be3 Qxd5 26. Bxa7+
Kc8 27. Bb6 Kb8 28. Qxg7 Qd6 29. Bc7+ Qxc7 30. Ra8+ Kxa8 31. Qxc7 Rf5 32. h4
Rhf8 33. Qb6 e4 34. Qd4 Rf3 35. Qa4+ Kb8 36. Qxe4 Rxf2 37. Qxe6 R2f6 38. Qe5+
Ka7 39. Qe3+ b6 40. Kg2 c5 41. h5 Ka6 42. g4 c4 43. g5 Rf5 44. Kg3 b5 45. g6
Rxh5 46. Qa3+ Kb6 47. Qxf8 Rg5+ 48. Kf4 Rxg6 49. Ke4 Rg2 50. Qf3 Rc2 51. Qe3+
Kc6 52. Kd4 Rh2 53. Qe6+ Kb7 54. Qe7+ 1-0

[Event "38th Greek Team Championship"]
[Site "Olympic Boxing Center, Periste"]
[Date "2010.07.05"]
[Round "1.10"]
[White "Naiditsch, Arkadij"]
[Black "Kapnisis, Spyridon"]
[Result "0-1"]
[WhiteElo "2684"]
[BlackElo "2514"]
[PlyCount "88"]
[EventDate "2010.07.05"]
[WhiteTeam "SA CCHALKIDOS"]
[BlackTeam "SAS KOROPIOU"]

1. e4 e5 2. Nf3 Nc6 3. Bb5 a6 4. Ba4 d6 5. Bxc6+ bxc6 6. d4 exd4 7. Nxd4 c5 8.
Ne2 g6 9. Nbc3 Bg7 10. O-O Ne7 11. Bg5 h6 12. Bh4 g5 13. Bg3 f5 14. f4 Bb7 15.
Qd2 Qd7 16. fxg5 O-O-O 17. g6 Rdf8 18. exf5 Rxf5 19. Nf4 Rhf8 20. Nce2 Qc6 21.
Rf3 Kb8 22. Raf1 Qa4 23. b3 Qe4 24. Bf2 Qb4 25. c3 Qb5 26. Rg3 Qd7 27. b4 cxb4
28. cxb4 h5 29. Bd4 h4 30. Bxg7 hxg3 31. Nxg3 Rxf4 32. Rxf4 Rxf4 33. Qxf4 Nxg6
34. Qf6 Qc6 35. Qd8+ Bc8 36. Qg5 Qc2 37. h4 Bb7 38. Qd8+ Ka7 39. Bd4+ c5 40.
Bf2 Qd1+ 41. Nf1 Qg4 42. Ne3 Qxb4 43. Qxd6 Nf4 44. Nc4 Nh3+ 0-1

[Event "38th Greek Team Championship"]
[Site "Olympic Boxing Center, Periste"]
[Date "2010.07.05"]
[Round "1.10"]
[White "Sandalakis, Angelos"]
[Black "Nikolaidis, Konstantinos"]
[Result "1-0"]
[WhiteElo "2343"]
[BlackElo "2290"]
[PlyCount "73"]
[EventDate "2010.07.05"]
[WhiteTeam "SAS KOROPIOU"]
[BlackTeam "SA CCHALKIDOS"]

1. e4 c6 2. Nc3 d5 3. Nf3 Bg4 4. h3 Bxf3 5. Qxf3 Nf6 6. d3 e6 7. a3 Nbd7 8. g3
Bc5 9. Bg2 dxe4 10. Nxe4 Nxe4 11. Qxe4 O-O 12. O-O a5 13. Bd2 Nf6 14. Qh4 Be7
15. Qc4 Nd5 16. b4 axb4 17. axb4 Qb6 18. Qb3 Rxa1 19. Rxa1 Qd4 20. Rb1 Bd6 21.
Qb2 Qa7 22. c4 Bxg3 23. d4 Nb6 24. fxg3 Nxc4 25. Qc3 Nxd2 26. Rd1 Rd8 27. Rxd2
e5 28. Qc5 Qa1+ 29. Kh2 exd4 30. Qe7 Qa8 31. Rf2 f6 32. Ra2 Qc8 33. Bxc6 d3 34.
Bxb7 Re8 35. Bd5+ Kh8 36. Qxe8+ Qxe8 37. Ra8 1-0

[Event "38th Greek Team Championship"]
[Site "Olympic Boxing Center, Periste"]
[Date "2010.07.05"]
[Round "1.10"]
[White "Kordis, Konstantinos"]
[Black "Khetsuriani, Besarion"]
[Result "0-1"]
[WhiteElo "2169"]
[BlackElo "2357"]
[PlyCount "71"]
[EventDate "2010.07.05"]
[WhiteTeam "SA CCHALKIDOS"]
[BlackTeam "SAS KOROPIOU"]

1. e4 d6 2. d4 g6 3. Nc3 Bg7 4. Be3 a6 5. Qd2 b5 6. h4 h5 7. O-O-O Nf6 8. f3
Nbd7 9. Nh3 Nb6 10. Ng5 c6 11. Bd3 Nc4 12. Bxc4 bxc4 13. Qe2 d5 14. e5 Nh7 15.
Qe1 Qa5 16. Ne2 Qa4 17. Nc3 Qa5 18. Ne2 Qb6 19. Nf4 Rb8 20. Qc3 Nf8 21. Rdg1 f6
22. exf6 exf6 23. Ngh3 Kf7 24. Nf2 Ne6 25. Nxe6 Bxe6 26. Bf4 Rb7 27. g4 f5 28.
gxf5 Bxd4 29. fxe6+ Ke8 30. Qd2 Bxf2 31. Rxg6 Qxb2+ 32. Kd1 Qa1+ 33. Ke2 Qxh1
34. Kxf2 Rb1 35. Qe2 Qxh4+ 36. Bg3 0-1

[Event "38th Greek Team Championship"]
[Site "Olympic Boxing Center, Periste"]
[Date "2010.07.05"]
[Round "1.11"]
[White "Navara, David"]
[Black "Pappas, Mihail"]
[Result "1-0"]
[WhiteElo "2731"]
[BlackElo "1992"]
[PlyCount "97"]
[EventDate "2010.07.05"]
[WhiteTeam "OS TRIANDRIAS"]
[BlackTeam "SISK"]

1. e4 e6 2. d4 d5 3. Nd2 Nf6 4. e5 Nfd7 5. c3 c5 6. Bd3 Nc6 7. Ngf3 f5 8. exf6
Nxf6 9. O-O cxd4 10. cxd4 Bd6 11. Nb3 Qc7 12. Bg5 O-O 13. Rc1 Ne4 14. Bh4 Bf4
15. Rc2 Qd6 16. Re2 e5 17. Bg3 Nxg3 18. fxg3 e4 19. gxf4 exf3 20. Ref2 Rxf4 21.
g3 Rf7 22. Qb1 Bg4 23. Bxh7+ Kh8 24. Qg6 Qxg6 25. Bxg6 Rf6 26. Bd3 Raf8 27. Re1
g5 28. Bb5 Nd8 29. Nc5 Rd6 30. Re3 a6 31. Bf1 b6 32. Nd3 Ne6 33. Ne5 Bh5 34. g4
Be8 35. Rfxf3 Rxf3 36. Nxf3 a5 37. Bd3 Kg7 38. Bf5 Bd7 39. Nxg5 Nxg5 40. Re7+
Kf6 41. Rxd7 Nf3+ 42. Kf2 Rxd7 43. Bxd7 Nxd4 44. h4 Ke7 45. h5 Kf6 46. h6 a4
47. g5+ Kg6 48. Be8+ Kh7 49. Bxa4 1-0

[Event "38th Greek Team Championship"]
[Site "Olympic Boxing Center, Periste"]
[Date "2010.07.05"]
[Round "1.11"]
[White "Papageorgiou, Ioannis"]
[Black "Argiroudis, Stamatis"]
[Result "0-1"]
[WhiteElo "1966"]
[BlackElo "2315"]
[PlyCount "88"]
[EventDate "2010.07.05"]
[WhiteTeam "SISK"]
[BlackTeam "OS TRIANDRIAS"]

1. e4 c6 2. d4 d5 3. exd5 cxd5 4. Bd3 Nc6 5. c3 Nf6 6. Nf3 Bg4 7. Bf4 e6 8. O-O
Be7 9. Nbd2 O-O 10. h3 Bh5 11. Qb1 Bg6 12. Bxg6 hxg6 13. Ne5 Nxe5 14. Bxe5 b5
15. Qd3 Qd7 16. a4 b4 17. Qb5 a6 18. Qxd7 Nxd7 19. Bc7 Rfc8 20. Ba5 Rab8 21. f4
Bd6 22. g4 bxc3 23. Bxc3 Bb4 24. Nb1 Nf6 25. f5 Bxc3 26. bxc3 gxf5 27. gxf5 Ne4
28. fxe6 fxe6 29. Ra2 Rf8 30. Rxf8+ Kxf8 31. Nd2 Nxc3 32. Rc2 Ne2+ 33. Kf2 Nxd4
34. Rc7 Rb4 35. a5 Rb5 36. Nf1 Rxa5 37. Ne3 Ra2+ 38. Kf1 a5 39. Ng4 Nf3 40. Ne3
d4 41. Nc4 Rc2 42. Rc8+ Ke7 43. Rc7+ Kf6 44. h4 Rxc4 0-1